000 00575nam a2200181Ia 4500
008 100920s9999 xx 000 0 und d
082 _b106247
_a891.43 न 09
100 _aवाजपेयी अशोक.
245 _aदीर्घयामा.
260 _bसुर्य प्रकाशन मंदिर,बीकानेर.
_c2009
300 _a112
_bसाधी
365 _b135
520 _aहिंदी.
630 _aदीर्घयामा.
650 _aहिंदी.
730 _aदीर्घयामा.
942 _cBOOK
999 _c746678
_d746675